000 00469nam a22001577a 4500
003 macl
005 20150526142310.0
008 150526b xxu||||| |||| 00| 0 eng d
040 _c080
082 _a080
100 _aब्रजभूषण
_935
245 _aमानुष तेरा गुण बडा
260 _aदिल्‍ली
_bकिरण प्रकाशन
_c2012
650 _aसामान्‍य वर्ग
_936
942 _2ddc
_cHIN
999 _c49729
_d49729